000
00209nam a22000857a 4500
008
160719b xxu||||| |||| 00| 0 eng d
100
_9
3053
_a
Verma S
245
_a
Mathematics VIII
260
_a
New Delhi
_b
Prachi
_c
2013
999
_c
2616
_d
2616